000
00277nam a2200109Ia 4500
005
20251222144755.0
008
251222s9999||||xx |||||||||||||| ||spa||
082
_a
338.642.5/B22
245
0
_a
Pequeña Empresa y Artesanía
264
_b
Banco Industrial del Perú
942
_c
LIB
999
_c
19491
_d
19491